Представление документа в формате RUSMARC

ПолеНазваниеЗначение
  Тип записи a
  Библиографический уровень m
001 Контрольный номер RU/ГПНТБ России/KNIGADB/84(4Вел)/К 98-019734395
005 Дата корректировки 20211223111033.3
010 Индекс ISBN __
a ISBN 978-5-08-006068-7
b Уточнения в пер.
9 Тираж 5000 экз.
d Цена 307-90
100 Данные общей обработки __
a Данные общей обработки 20210818d2019####deay0rusy028902 ca
101 Язык документа 1_
a Язык текста eng
a Язык текста rus
c Язык оригинала eng
102 Страна публикации __
a Страна публикации RU
105 Кодированные данные (монография) __
a Кодированные данные (монография) a z 000ay
181 Поле кодированных данных: вид содержания _0
a Код вида содержания (ISBD) i
182 Поле кодированных данных: тип средства _0
a Код типа средства (ISBD) n
200 Заглавие и сведения об ответственности 1_
a Заглавие Алиса в Зазеркалье
e Сведения, относящиеся к заглавию сказка
e Сведения, относящиеся к заглавию на русском и английском языках
e Сведения, относящиеся к заглавию для среднего школьного возраста
f Первые сведения об ответственности Льюис Кэрролл
g Последующие сведения об ответственности перевод с английского Ал. Ал. Щербакова ; иллюстрации Джона Тенниела
d Параллельное заглавие Through the Looking Glass
z Язык параллельного заглавия eng
203 Вид содержания и тип средства __
a Вид содержания Текст
c Тип средства непосредственный
210 Выходные данные 1_
a Место издания Москва
c Издательство Детская литература
d Дата издания 2019
215 Физическое описание __
a Объем 284, [3] с.
c Иллюстрации/тип воспроизводства ил.
d Формат 21 см
300 Общие примечания __
a Общие примечания Текст параллельно на английском и русском языках
330 Аннотация __
a Аннотация Продолжение "Алисы в Стране чудес". "Алиса в Зазеркалье" вышла спустя шесть лет, в 1871 году, и тут же завоевала сердца читателей, с нетерпением ждавших новой встречи с уже полюбившимися героями. На этот раз Алиса проходит сквозь зеркало и оказывается в Зазеркалье, где мир - большая шахматная доска. Ее путь начинается с того, что она становится Белой Пешкой, а в конце должна стать Белой Королевой. Книга издана на двух языках - русском и английском, в ней используется неадаптированный оригинальный текст. Читай на языке автора! Для среднего школьного возраста.
333 Примечание о целевом назначении __
a Примечание о целевом назначении 12+. Для детей старше 12 лет
606 Тематические рубрики __
a Основная рубрика Художественная литература
606 Тематические рубрики __
a Основная рубрика Литература Европы (произведения)
y Географическая подрубрика Англия
y Географическая подрубрика Великобритания
610 Ключевые слова 0_
a Ключевые слова сказки
610 Ключевые слова 0_
a Ключевые слова английская литература
610 Ключевые слова 0_
a Ключевые слова Алиса
610 Ключевые слова 0_
a Ключевые слова детская литература
610 Ключевые слова 0_
a Ключевые слова подростковая литература
610 Ключевые слова 0_
a Ключевые слова экранизации
610 Ключевые слова 0_
a Ключевые слова экранизированные книги
610 Ключевые слова 0_
a Ключевые слова английский язык
686 Индексы других классификаций __
2 Код системы rubbks
a Классификационный индекс 84(4Вел)52-45; ст84(4Вел)-45
700 Автор _1
a Фамилия Кэрролл
b Имя Л.
g Полное личное имя Льюис
f Даты 1832-1898
4 Код отношения 070
702 Вторичная интеллектуальная ответственность _1
a Фамилия Щербаков
b Имя А. А.
g Полное личное имя Александр Александрович
4 Код отношения 730
f Даты 1932-1994
702 Вторичная интеллектуальная ответственность _1
a Фамилия Тенниел
b Имя Д.
g Полное личное имя Джон
4 Код отношения 440
f Даты 1820-1914
801 Источник записи _0
b Организация ГПНТБ России
a Страна RU
c Дата составления 20210818
g Правила каталогизации PSBO
801 Источник записи _1
b Организация ГПНТБ России
a Страна RU
c Дата составления 20210818
g Правила каталогизации PSBO
852 Данные о местонахождении 5_
i Авторский знак К 98
j Шифр хранения 84(4Вел)52-45
900 Макрообъекты __
a Макрообъекты Алиса в Зазеркалье на рус. и англ. языках, Л. Кэрролл, 2019
901 Тип документа __
a Ответственный КиК/Лукашук
t Тип документа m
903 Характеристики (МАРС) __
a Дата передачи 20210824
c Наименование библиотеки (МАРС) Муниципальное бюджетное учреждение культуры "Централизованная библиотечная система" г. Сургут (Центральная городская библиотека им. А. С. Пушкина)
969 Тип издания __
a Тип издания издание для детей
a Тип издания издание для подростков
990 Данные о заказе (DOS) __
j Количество экземпляров (DOS) 4
t N записи в КСУ для И/У (DOS) 202109